Investigaciones arqueologicas en el valle del rio san francisco (provincia de jujuy) /

Guardado en:
Autor Principal: Serrano, Antonio
Formato: Libro
Publicado: Salta : , 1962
Materias:
Etiquetas: Agregar Etiqueta
Sin Etiquetas, Sea el primero en etiquetar este registro!
LEADER 00589nam a22001695a 4500
001 EHU.bham004875
003 AR-BHAM
005 20081010141336.0
008 130507s1962##################000#0#####d
082 5 7 |a 571.982 
100 1 |a Serrano, Antonio 
245 1 0 |a Investigaciones arqueologicas en el valle del rio san francisco (provincia de jujuy) /  |c Antonio Serrano. 
260 |a Salta :  |b ,  |c 1962 
300 |a 43 p. 
653 |a Arqueologia-argentina 
859 |a AR-BHAM  |b BIB. HUMANIDADES - General  |h 571.982  |i Se68  |p 104.69  |t Ej.1 
859 |a AR-BHAM  |b BIB. HUMANIDADES - General  |h 571.982  |i Se68  |p 2035.62  |t Ej.1